000
00316nam a22001337a 4500
003
SGT
082
_a
617.692
_b
H14T
100
_a
THAREJA, SWETA SETIA
245
_a
HARD TISSUE BONE GRAFTS
260
_a
DELHI NCR
_b
SGT UNIVERSITY GURUGRAM
_c
2014
300
_a
1-98
650
_a
PROSTHODONTICS
942
_2
ddc
_c
TH
999
_c
18936
_d
18936